000 00311nam a22001337a 4500
999 _c161164
_d161164
020 _a
082 _a
_b
100 _aG M Muktibodh
245 _aNaye sahitya ka saundarya shastra/
_cby G M Muktibodh.
260 _aNew Delhi:
_bRadhakrishan Prakashan,
_c2008.
300 _a
650 _a
942 _cBK